Solve the Secret Colour - Statistics

General Stats
  • This quiz has been taken 6,990 times
  • The average score is 10 of 21
Answer Stats
Scramble Colour % Correct
ACNY Cyan
96%
AHIKK Khaki
82%
AEGNOR Orange
79%
ELPPRU Purple
79%
BEEGI Beige
67%
EILOV Olive
67%
AEMUV Mauve
63%
AEINNS Sienna
62%
CIMNORS Crimson
60%
ABEMR Amber
57%
EILOTV Violet
54%
AEPTU Taupe
47%
AAEGMNT Magenta
41%
ERSSTU Russet
36%
ADMRSTU Mustard
31%
EIOQRSTUU Turquoise
22%
ADIIINRV Viridian
17%
ACEELNRU Cerulean
15%
ACEIMNR Carmine
12%
ACEEHRRSTU Chartreuse
11%
Secret Colour MAHOGANY
10%
No matching quizzes found
Score Distribution
Percent of People with Each Score
Percentile by Number Answered
Your Score History
You have not taken this quiz